Central Library OPAC University of Rajshahi

Domestic conflicts in South Asia / (Record no. 52136)

MARC details
000 -LEADER
fixed length control field 01001nam a2200289 a 4500
001 - CONTROL NUMBER
control field 52136
003 - CONTROL NUMBER IDENTIFIER
rucl marc code BD-RjUL
005 - DATE AND TIME OF LATEST TRANSACTION
control field 20211209075747.0
008 - FIXED-LENGTH DATA ELEMENTS--GENERAL INFORMATION
fixed length control field 160906s1986 ii a 001 0 eng
020 ## - INTERNATIONAL STANDARD BOOK NUMBER
International Standard Book Number 8170030714 (v. 2) :
Terms of availability Rs100.00
035 ## - SYSTEM CONTROL NUMBER
System control number (BD-RjUL)52256
040 ## - CATALOGING SOURCE
Original cataloging agency DLC
Transcribing agency DLC
Modifying agency DLC
-- BD-RjUL
Language of cataloging eng
041 ## - LANGUAGE CODE
Language code of text/sound track or separate title eng
082 00 - DEWEY DECIMAL CLASSIFICATION NUMBER
Edition number 23
Classification number 320.954
Author mark and year DOM 1986
245 00 - TITLE STATEMENT
Title Domestic conflicts in South Asia /
Statement of responsibility, etc. edited by Urmila Phadnis, S.D. Muni and Kalim Bahadur.
260 ## - PUBLICATION, DISTRIBUTION, ETC. (IMPRINT)
Place of publication, distribution, etc. New Delhi :
Name of publisher, distributor, etc. South Asian Publishers,
Date of publication, distribution, etc. c1986.
300 ## - PHYSICAL DESCRIPTION
Pagination v. :
Illustrations ill. ;
Size 23 cm.
500 ## - GENERAL NOTE
General note Includes index.
505 0# - FORMATTED CONTENTS NOTE
Formatted contents note v. 2. Economic and ethnic dimensions.
651 #0 - SUBJECT ADDED ENTRY--GEOGRAPHIC NAME
Geographic name South Asia
General subdivision Politics and government
-- Congresses.
9 (RLIN) 155940
Geographic name South Asia
General subdivision Economic conditions
-- Congresses.
9 (RLIN) 155941
Geographic name South Asia
General subdivision Ethnic relations
-- Congresses.
9 (RLIN) 155942
700 1# - ADDED ENTRY--PERSONAL NAME
Personal name Phadnis, Urmila.
Personal name Muni, S. D.
Personal name Bahadur, Kalim,
Dates associated with a name 1936-
942 ## - ADDED ENTRY ELEMENTS (KOHA)
Source of classification or shelving scheme Dewey Decimal Classification
Koha item type Books
Holdings
Lost status Source of classification or shelving scheme Damaged status Not for loan Collection code Permanent Location Current Location Shelving location Date acquired Source of acquisition Cost, normal purchase price Total Checkouts Full call number Date last seen Copy number Koha item type
  Dewey Decimal Classification     Non-fiction Central Library, University of Rajshahi Central Library, University of Rajshahi   27/11/1996 Tulip Enterprise, Dhaka 100.00   320.954 DOM V-2 1986 06/09/2016 C-2 Books